000 00591nam a2200169Ia 4500
003 GCL
008 140319s9999 xx 000 0 ara d
040 _aGCL /
_cGCL
082 0 4 _a358.39
_bم ب
100 1 _aممدوح حامد عطية
245 1 0 _aالبرنامج النووى الاسرائيلى والامن القومى العربى /
_cممدوح حامد عطية
300 _a254 ص
490 _aسلسلة مكتبة الاسرة
_v0
650 0 4 _aاسرائيل - القوات المسلحة
650 0 4 _aاسرائيل - الاسلحة النووية
942 _2ddc
_cBK
999 _c50183
_d50183